000 00623nam a2200205Ia 4500
008 220216s9999 xx 000 0 und d
100 _aChaikumpollert Oraphin
245 0 _aNovel preservative system for natural rubber latex (TAPS)
260 _bIRRDB International Rubber Conference 14-17 December 2011, Chiang
650 _aNR latex
650 _aPreservative system
650 _aTAPS
700 _a
_Jitboon Sopita
700 _aKongkaew Chaveewan
700 _aLoykulnant Surapich
700 _aMoonprasith Nantina
700 _aSa-nguanthammarong Promsak
700 _aSuwandittakul Piyada
942 _cJS
999 _c64109
_d64109